000 00469nam a22001337a 4500
005 20250919111704.0
020 _a9781032768779
082 _a320.954 JHA//I
245 _aIndian politics and political processes :
_bideas,institutions and practices/
_cedited by Mithilesh Kumar Jha and Kamal Nayan Choubey
260 _a. - London
_b: Routledge
_c, 2024
300 _axxi+503 pages
700 _aJha, Mithilesh Kumar Choubey,Kamal Nayan editors
_91756
942 _2ddc
_cBK
999 _c751563
_d751563